|
|
|
|
| LEADER |
00953nam a22002417a 4500 |
| 001 |
AAL83 |
| 003 |
BD-DhAAL |
| 005 |
20160110191839.0 |
| 008 |
160110s 1998ii ||||| |||| 00| 0 eng d |
| 020 |
|
|
|a 0803995598 (U.S.A.)
|
| 020 |
|
|
|a 8170360870 (India)
|
| 040 |
|
|
|a BD-DhAAL
|c BD-DhAAL
|
| 082 |
|
|
|a 327.54
|
| 245 |
|
|
|a Yearbook on India's foreign policy /
|
| 260 |
|
|
|a New Delhi :
|b Sage Publications,
|c 1985-
|
| 300 |
|
|
|a 320 p. ;
|c 25 cm.
|
| 541 |
|
|
|e 83
|
| 650 |
|
|
|a Diplomatic relations.
|9 17267
|
| 651 |
|
|
|a India
|v Periodicals
|x Foreign relations.
|9 17268
|
| 942 |
|
|
|2 ddc
|c BK
|
| 999 |
|
|
|c 36572
|d 36572
|
| 952 |
|
|
|0 0
|1 0
|2 ddc
|4 0
|6 327_540000000000000_YEA
|7 0
|9 57552
|a SCL
|b SCL
|c GEN
|d 2016-01-10
|e Gift: The Asia Foundation
|l 0
|o 327.54 YEA
|p 3020000083
|r 2016-01-10
|t 1
|w 2016-01-10
|y BK
|
| 952 |
|
|
|0 0
|1 0
|2 ddc
|4 0
|6 327_540000000000000_YEA
|7 0
|9 57669
|a SCL
|b SCL
|c GEN
|d 2016-01-21
|e Gift: The Asia Foundation
|l 0
|o 327.54 YEA
|p 3020000097
|r 2016-01-21
|t 1
|w 2016-01-21
|y BK
|